000 00694nam a2200253Ia 4500
001 28187
005 20240114001036.0
007 ta
008 060605s1990 g b000 u 465 u
040 _aCotton College,Assam
041 _a465
082 _a310.954
_bCh 344 Ag
100 _aChaddha, Asha .
245 0 _aAgricultural Statistics in India /
_cAsha Chaddha.
_hTextual Documents
250 _a1st ed. /
260 _aNew Delhi :
_bCommonwealth Publisher ,
_c1990.
300 _a240p. ;
_c22cm.
653 _aStatistics-Agriculture
653 _aAgricultural Statistics-India
653 _aG-Statistics
942 _2ddc
_cBK
999 _c28169
_d28169